Rational analysis for a problematic world : problem structuring methods for complexity, uncertainty, and conflict
Saved in:
| Other Authors: | |
|---|---|
| Format: | Book |
| Language: | English |
| Published: |
Chichester [England] ; New York :
Wiley,
1992.
|
| Subjects: | |
| Tags: |
Add Tag
No Tags, Be the first to tag this record!
|
MARC
| LEADER | 00000cam a2200000 i 4500 | ||
|---|---|---|---|
| 001 | 1/35940 | ||
| 008 | 941103s1992####enk| ||| |||| ||eng|| | ||
| 020 | |a 0471922854 | ||
| 020 | |a 0471922862 | ||
| 035 | |l 10040109 | ||
| 035 | |a 1993 |c ΤΣΙΒΑΚΟΥ | ||
| 040 | |a GR-MyUA |b gre |e AACR2 | ||
| 041 | 0 | |a eng | |
| 082 | 0 | |a 658.403 |2 (20) | |
| 245 | 1 | 0 | |a Rational analysis for a problematic world : |b problem structuring methods for complexity, uncertainty, and conflict / |c edited by Jonathan Rosenhead. |
| 260 | |a Chichester [England] ; |a New York : |b Wiley, |c 1992. | ||
| 300 | |a 370 σ. ; |c 23 εκ. | ||
| 504 | |a Περιέχει βιβλιογραφικές αναφορές και ευρετήριο. | ||
| 650 | 0 | 0 | |a Decision making. |
| 650 | 0 | 0 | |a Decision making |x Case studies. |
| 650 | 0 | 0 | |a Problem solving. |
| 650 | 0 | 0 | |a Problem solving |x Case studies. |
| 700 | 1 | |a Rosenhead, Jonathan, |e edt | |
| 852 | |a INST |b SAMOS |e 19941103 |h 658.403 RAT |p 005300002620 |q 005300002620 |t BK |y 0 | ||
| 909 | |a Σ |b 031580 | ||